000
00300nam a2200121Ia 4500
008
190216s9999||||xx |||||||||||||| ||und||
100
_a
"B.L.Thereja ,ak.thereja"
245
0
_a
Atext Book Of Electrical Techology Vol.1
250
_a
I
260
_b
S Chand & Co
_c
2007
300
_a
864
942
_c
BK
999
_c
30252
_d
30252